| 000 | 01923nam a2200277Ia 4500 | ||
|---|---|---|---|
| 008 | 260220t1988||||xx |||||||||||||| ||spa|| | ||
| 020 | _a8436801741 | ||
| 040 |
_aPY-SlUNAC _bspa _erda |
||
| 041 | _aspa | ||
| 082 |
_a512.5 _bG985a |
||
| 100 |
_aGutiérrez Gómez, Andrés _eAutor |
||
| 245 | 0 |
_aAlgebra lineal / _cpor Andrés Gutiérrez Gómez [Autor] |
|
| 250 | _aSegunda edición | ||
| 264 |
_aMadrid : _bPirámide, _c℗1988. |
||
| 300 | _a261 páginas | ||
| 490 |
_a _vvolumen 1 |
||
| 520 | _aEl libro "Álgebra Lineal" de Andrés Gutiérrez Gómez es una obra fundamental para la comprensión de los conceptos y técnicas del álgebra lineal, diseñada tanto para estudiantes como para profesionales del área. A lo largo de sus capítulos, el autor aborda temas esenciales como los sistemas de ecuaciones lineales, matrices, determinantes, espacios vectoriales y transformaciones lineales, presentando una exposición clara y didáctica que facilita el aprendizaje. Gutiérrez Gómez también incluye numerosos ejemplos y ejercicios prácticos que permiten al lector aplicar los conceptos teóricos en situaciones concretas. Además, el texto enfatiza la relevancia del álgebra lineal en diversas disciplinas, como la física, la ingeniería y la economía, destacando su papel en la resolución de problemas reales. La obra se caracteriza por su rigor matemático y su enfoque pedagógico, convirtiéndola en un recurso valioso para quienes buscan profundizar en esta rama de las matemáticas y desarrollar habilidades analíticas. Su publicación en 1988 ha contribuido a la formación de generaciones de estudiantes en el ámbito académico. | ||
| 653 | _aÁlgebra | ||
| 653 | _aEducación matemática | ||
| 653 | _aMatemáticas | ||
| 942 |
_b2026/02/17 _cBK |
||
| 999 |
_c7464 _d7464 |
||